Educando el afecto: reflexiones para familias, profesorado, pediatras...

Shranjeno v:
Bibliografske podrobnosti
Glavni avtor: Horno Goicoechea, Pepa (Author)
Format: Knjiga
Jezik:španščina
Izdano: Barcelona Graó 2004
Izdaja:1a. ed
Serija:Colección Familia y Educación, 2
Teme:
Oznake: Označite
Brez oznak, prvi označite!

MARC

LEADER 00000cam a2200000 a 4500
001 UCD7023
003 CL-VaPUC
008 170303e20040900sp |||||||||||||||||spa|d
020 |a 9788478273546 
082 0 4 |a 370.114  |b HOR  |2 21 
100 0 |a Horno Goicoechea, Pepa  |e author  |9 590967 
245 1 0 |a Educando el afecto: reflexiones para familias, profesorado, pediatras... 
250 |a 1a. ed 
300 |a 142 p 
942 |c BK 
945 |d 20170303 17:35:00  |a arojas 
260 |a Barcelona  |b Graó  |c 2004 
650 0 |a Educación moral  |9 308319 
650 0 |a Valores morales   |9 310604 
650 0 |a Afecto  |9 326390 
583 |a last modification  |c 20170828 11:40:15  |k Rodrigo Vera 
490 0 |a Colección Familia y Educación, 2 
999 |c 367190  |d 367188 
952 |0 0  |1 0  |3 erb  |4 0  |6 370_114000000000000_HOR_2004  |7 0  |8 A  |9 481884  |a BIBEDU  |b BIBEDU  |i 5362164  |o 370.114 HOR 2004  |p 5362164  |r 2019-11-24  |w 2019-11-24  |y BK  |z Catalogado en:20170303  |k EPE